| 000 | 00967nam a2200241 a 4500 | ||
|---|---|---|---|
| 001 | 22737 | ||
| 003 | CO-ViMGA | ||
| 008 | 141112s2004 ck r 000 u spa d | ||
| 020 | _a9586904016 | ||
| 040 |
_aCO-ViMGA _bspa _cCO-ViMGA |
||
| 082 | 0 | 4 | _a341.77 B177c |
| 100 | 1 |
_aBassiouni, Cherif ; Broomhall, Bruce; Camargo, Pedro Pablo _932433 |
|
| 245 | 1 | 0 |
_aLa corte penal internacional : _btexto integrado del estatuto de roma |
| 260 |
_aColombia : _bLeyer |
||
| 300 | _a492p. | ||
| 505 | _aNota explicativa sobre el estatuto de la corte penal internacional, La corte penal internacional estudio historico 1019 - 1998, La corte penal internacional vision general y la cooperacion con los estados bruce broomhall | ||
| 650 | 1 | 4 |
_aDELITOS INTERNACIONALES - LEGISLACION _925591 |
| 650 | 1 | 4 | _aDERECHO INTERNACIONAL HUMANITARIO |
| 650 | 1 | 4 |
_aDERECHO PENAL INTERNACIONAL _95415 |
| 650 | 1 | 4 |
_aDERECHOS HUMANOS _955 |
| 650 | 1 | 4 |
_aGENOCIDIO _917214 |
| 942 |
_2ddc _cBK |
||
| 999 |
_c31035 _d31035 |
||